El libro de la Selva : una versión para chicos del relato de Rudyard Kipling /

"El libro de la Selva" es considerado un clásico de la literatura, no solo por su grandeza literaria y sus bellas enseñanzas, sino también por su sencillez vital y encantadora. Este conjunto de historias narra las peripecias de Mowgli, un niño abandonado en territorio salvaje y criado por...

Descripción completa

Guardado en:
Autor Principal: Kipling, Rudyard.
Otros Autores: Galiazo, Evelyn; adapt.
Formato: Libro
Idioma:Undetermined
Publicado: San Isidro : Estrada, 2010.
Edición:1a ed. 5a reimp.
Series:Eraldo, María Paula; il.
Materias:
Etiquetas: Agregar Etiqueta
Sin Etiquetas, Sea el primero en etiquetar este registro!
LEADER 01507nam a22002535a 4500
001 CEM.cems021344
008 240806s2010####xx############000#0#und#d
005 20240806152108.0
245 1 0 |a El libro de la Selva :  |b una versión para chicos del relato de Rudyard Kipling /  |c Rudyard Kipling ; adaptación de Evelyn Galiazo ; ilustrado por María Paula Eraldo. 
250 |a 1a ed. 5a reimp. 
260 |a San Isidro :  |b Estrada,  |c 2010. 
300 |a 112 p. 
490 1 |a Azulejos niños ;  |v 24 
520 |a "El libro de la Selva" es considerado un clásico de la literatura, no solo por su grandeza literaria y sus bellas enseñanzas, sino también por su sencillez vital y encantadora. Este conjunto de historias narra las peripecias de Mowgli, un niño abandonado en territorio salvaje y criado por los lobos. Sin embargo, los verdaderos protagonistas del libro son la Selva y sus habitantes. A medida que viajamos por estas páginas, aprendemos a mirar el mundo junto a los lobos, los osos, las panteras, los monos, los tigres, las serpientes y el resto de los animales con los que se relaciona el pequeño Mowgli a lo largo de sus aventuras. 
020 |a 9789500109925 
100 1 |a Kipling, Rudyard. 
700 1 |a Galiazo, Evelyn; adapt. 
830 0 |a Eraldo, María Paula; il. 
653 |a Literatura infantil 
653 |a Literatura juvenil 
653 |a Novela juvenil 
653 |a Literatura inglesa 
653 |a Novela de aventuras 
859 |a CEMS  |b BIB. CEMS - 11 de abril  |h 823.8  |i K628  |p 29517.24  |t Ej.1